Normal view
MARC view
- Weaver, Mary Anne
Entry Personal Name
001 - CONTROL NUMBER
- control field: 101521
003 - CONTROL NUMBER IDENTIFIER
- control field: NUST
005 - DATE AND TIME OF LATEST TRANSACTION
- control field: 20221027140049.0
008 - FIXED-LENGTH DATA ELEMENTS
- fixed length control field: 221027|| aca||aabn | a|a d
040 ## - CATALOGING SOURCE
- Original cataloging agency: NUST
- Transcribing agency: NUST
100 ## - HEADING--PERSONAL NAME
- Personal name: Weaver, Mary Anne
670 ## - SOURCE DATA FOUND
- Source citation: Work cat.: (NUST): Weaver, Mary Anne, Pakistan deep inside the wolrds /
